| 000 | 00624nam a2200229Ia 4500 | ||
|---|---|---|---|
| 003 | OSt | ||
| 005 | 20220928125221.0 | ||
| 006 | a|||||r|||| 00| 0 | ||
| 007 | ta | ||
| 008 | 220927b |||||||| |||| 00| 0 eng d | ||
| 024 | _a50561 | ||
| 037 | _cTextual | ||
| 040 |
_aSDCL _cSDCL _beng |
||
| 041 |
_2eng _aeng |
||
| 082 | _aV41y7M11, F7 | ||
| 100 |
_aHail William James _9468917 |
||
| 245 | 0 | _aTseng Kuo-Fan andthe taiping rebellion | |
| 260 |
_aNew York _b Paragon Book _c1927 |
||
| 300 |
_axvii,422p _ccm. |
||
| 942 |
_hV41y7M11, F7 _cTEXL _2CC |
||
| 999 |
_c781615 _d781615 |
||